Govt. of
Madhya Pradesh

Normal view MARC view

Entry Topical Term

Number of records used in: 1

001 - CONTROL NUMBER

  • control field: 38556

003 - CONTROL NUMBER IDENTIFIER

  • control field: OSt

005 - DATE AND TIME OF LATEST TRANSACTION

  • control field: 20160216162157.0

008 - FIXED-LENGTH DATA ELEMENTS

  • fixed length control field: 160216|| aca||aabn | a|a d

040 ## - CATALOGING SOURCE

  • Original cataloging agency: OSt
  • Transcribing agency: OSt

150 ## - HEADING--TOPICAL TERM

  • Topical term or geographic name entry element: Religion

670 ## - SOURCE DATA FOUND

  • Source citation: Work cat.: (OSt)29795: शर्मा आचार्य विक्ष्‍वमित्र 38555, सम्‍पूर्ण विदुर नीति, 2000